Statistiques concernant Les jeux Yohsi

Cliquez ici pour prendre le quiz!

Statistiques générales

  • Ce quiz a été pris 6 fois
  • Le résultat moyen est 3 sur 13

Statistiques - réponses

AnnéeJeu% Correct
1995Super Mario World 2: Yoshi's Island
80%
2002Yoshi's Island: Super Mario Advance 3
80%
2015Yoshi's Wooly World
60%
2019Yoshi's Crafted World
40%
2014Yoshi's New Island
20%
1997Yoshi's Story
20%
1991Mario & Yoshi
0%
2017Poochy & Yoshi's Wooly World
0%
1992Yoshi's Cookie
0%
2006Yoshi's Island DS
0%
1993Yoshi's Safari
0%
2004Yoshi's Universal Gravitation
0%
2005Yoshi Touch and Go
0%

Distribution des résultats

Percentile par nombre de réponses

% des personnes avec chaque résultat

Votre développement - résultats

Vous n’avez pas pris ce quiz